000 01392nam a2200349 c 4500
003 BLK
005 20210702094927.0
008 180411b bul|||||r ||||||| ||bul||
010 _aKNG00194804000
040 _aBLK
041 _aBUL
_cBUL
080 _aИстория на Рим (до 476 г. н. е.). Древен Рим
_b94(37)
_x
_z94(37)
100 1 _aТит Ливий
_eпърви автор
_988707
700 1 _aЙорданова, Лили
_eсъстав.
_9343936
700 1 _aАрсова, Силвия
_eпрев. от лат.
_9343937
700 1 _aНиколова, Анна
_eс предг. от
_9370460
139 _aЛивий, Тит
_bЛ 54
245 1 0 _aДостопаметни герои и деяния
_cТит Ливий; състав. Лили Йорданова; прев. от лат. Силвия Арсова; с предг. от Анна Николова.
257 _aDRR
260 София
_bНар. култура
_c1989
300 _a341 с.
_c20 см
380 _a9
490 1 _aБиблиотека за антична литература Хермес
650 4 _aДревен Рим - история
_9249436
653 _aДревен Рим
653 _aистория
852 _aЦб 158659
856 4 _qpdf
_u
856 4 _qpdf
_u
942 _cKNG
_n0
_01
944 _aCR
_c31.10.2016
_kТеодора_Стоянова
944 _aED
_c31.10.2016
_kТеодора_Стоянова
999 _c185810
_d185810